000 00675nam a2200205Ia 4500
003 GCL
008 140319s9999 xx 000 0 ara d
020 _a9348901977
040 _aGCL /
_cGCL
082 0 4 _a813.01 ف ق
100 1 _aفتحى الابيارى
245 1 0 _aقصص قصيرة جدا /
_cفتحى الابيارى
260 _aالقاهرة :
_bالهيئة المصرية العامة للكتاب ،
_c1961
300 _a110 ص ؛
_c19 سم
490 _aالمكتبة الثقافية
_v0
650 0 4 _aالسينما
650 0 4 _aالسينما - صناعة
650 0 4 _aالسينما - الجوانب الاجتماعية
942 _2ddc
_cBK
999 _c46048
_d46048